000 00334nam a22001337a 4500
020 _a0-553-21404-7
082 _a823
_bJOY/P
100 _aJOYCE, JAMES
245 _aA PORTRAIT OF THE ARTIST AS A YOUNG MAN
260 _aUNITED STATES
_bBANTAM BOOKS
_c2005
300 _a229
650 _aENGLISH LITERATURE
_zUNITED STATES
942 _cBK
999 _c8005
_d8005